000 00225 a2200097 4500
001 42116
100 _aRoget P M
245 _aThesaurus of Engine Words & Phrox
260 _a
_bLongman Green & Co.
_c
090 _c26118
_d26118
942 _aNUST-CAE
_cM
_c17912
999 _c277189
_d277189